Tous les terminus de trains de France - Statistiques

Statistiques générales
  • Ce quiz a été pris 618 fois
  • Le résultat moyen est 95 sur 500
Statistiques - réponses
Région Lettre Réponse % Correct
Hauts-de-France | Île-de-France P Paris-Nord
69%
Grand Est | Île-de-France P Paris-Est
62%
Auvergne - Rhône-Alpes L Lyon Part-Dieu
61%
Bourgogne-Franche-Comté L Lyon-Part-Dieu
61%
Centre-Val-de-Loire P Paris-Montparnasse
61%
Bourgogne-Franche-Comté | Île-de-France P Paris-Gare de Lyon
59%
Bretagne B Brest
57%
Auvergne - Rhône-Alpes L Lyon Perrache
56%
Bourgogne-Franche-Comté | Centre-Val-de-Loire L Lyon-Perrache
56%
Grand Est T Toul
56%
Nouvelle-Aquitaine B Bordeaux-Saint-Jean
55%
Grand Est S Strasbourg-Ville
55%
Bretagne | Centre-Val-de-Loire N Nantes
53%
Bretagne | Normandie R Rennes
53%
Centre-Val-de-Loire P Paris-Austerlitz
52%
Normandie C Caen
51%
Île-de-France P Paris-Saint-Lazare
51%
Bourgogne-Franche-Comté | Grand Est D Dijon-Ville
50%
Hauts-de-France | Normandie R Rouen-Rive-Droite
50%
Bretagne Q Quimper
49%
Auvergne - Rhône-Alpes A Annecy
48%
Auvergne - Rhône-Alpes G Grenoble
48%
Hauts-de-France L Lille-Flandres
48%
Centre-Val-de-Loire | Normandie T Tours
48%
Hauts-de-France L Lille-Europe
47%
Occitanie M Montpellier-Saint-Roch
47%
Hauts-de-France A Amiens
46%
Auvergne - Rhône-Alpes C Clermont-Ferrand
46%
Normandie H (Le) Le Havre
46%
Grand Est M Metz-Ville
46%
Grand Est N Nancy-Ville
45%
Centre-Val-de-Loire | Nouvelle-Aquitaine O Orléans
44%
Grand Est M Mulhouse-Ville
43%
Normandie | Île-de-France P Paris-Montparnasse
43%
Occitanie P Perpignan
42%
Normandie C Cherbourg
41%
Hauts-de-France D Dunkerque
41%
Bretagne | Centre-Val-de-Loire | Normandie M (Le) Le Mans
41%
Grand Est R Reims
41%
Bretagne S Saint-Malo
40%
Auvergne - Rhône-Alpes V Valence-Ville
40%
Bretagne V Vannes
40%
Île-de-France P Paris-Austerlitz
39%
Corse A Ajaccio
38%
Occitanie N Nîmes-Centre
38%
Auvergne - Rhône-Alpes N Nîmes-Ville
38%
Centre-Val-de-Loire | Nouvelle-Aquitaine P Poitiers
38%
Centre-Val-de-Loire A Angers
37%
Hauts-de-France A Arras
37%
Bretagne L Lorient
37%
Auvergne - Rhône-Alpes | Bourgogne-Franche-Comté P Paris-Bercy - Bourgogne - Pays d'Auvergne
37%
Corse B Bastia
36%
Nouvelle-Aquitaine B Bayonne
36%
Grand Est C Colmar
36%
Île-de-France M Melun
36%
Nouvelle-Aquitaine | Occitanie P Pau
36%
Auvergne - Rhône-Alpes | Bourgogne-Franche-Comté B Bourg-en-Bresse
34%
Hauts-de-France | Île-de-France C Creil
34%
Île-de-France M Marne-la-Vallée - Chessy
34%
Auvergne - Rhône-Alpes A Annemasse
33%
Hauts-de-France B Boulogne-Ville
33%
Auvergne - Rhône-Alpes | Bourgogne-Franche-Comté M Mâcon-Ville
33%
Hauts-de-France V Valenciennes
33%
Grand Est C Châlons-en-Champagne
32%
Centre-Val-de-Loire C Chartres
32%
Normandie | Île-de-France M Mantes-la-Jolie
32%
Bourgogne-Franche-Comté | Centre-Val-de-Loire N Nevers
32%
Hauts-de-France S Saint-Quentin
32%
Centre-Val-de-Loire B Bourges
31%
Occitanie N Narbonne
31%
Bretagne S Saint-Brieuc
31%
Grand Est T Troyes
31%
Nouvelle-Aquitaine | Occitanie B Brive-la-Gaillarde
30%
Île-de-France V Versailles-Chantiers
30%
Bourgogne-Franche-Comté A Auxerre-Saint-Gervais
29%
Hauts-de-France B Beauvais
29%
Occitanie C Carcassonne
29%
Grand Est | Hauts-de-France C Charleville-Mézières
29%
Île-de-France D Dreux
29%
Normandie E Evreux (Embranchement/Normandie)
29%
Nouvelle-Aquitaine H Hendaye
29%
Hauts-de-France L Lens
29%
Île-de-France M Massy - Palaiseau
29%
Nouvelle-Aquitaine | Occitanie T Tarbes
29%
Occitanie T Toulouse-Matabiau
29%
Nouvelle-Aquitaine A Angoulême
28%
Nouvelle-Aquitaine A Arcachon
28%
Auvergne - Rhône-Alpes | Occitanie A Aurillac
28%
Grand Est B Bar-le-Duc
28%
Occitanie B Béziers
28%
Île-de-France M Meaux
28%
Île-de-France P Pontoise
28%
Normandie S Saint-Lô
28%
Nouvelle-Aquitaine | Occitanie A Agen
27%
Grand Est | Hauts-de-France L Laon
27%
Bretagne L Laval
27%
Occitanie M Montauban-Ville-Bourbon
27%
Hauts-de-France T Tourcoing
27%
Île-de-France A Aéroport Charles-de-Gaulle 2-TGV
26%
Hauts-de-France A Albert
26%
Centre-Val-de-Loire | Nouvelle-Aquitaine C Châteauroux
26%
Nouvelle-Aquitaine D Dax
26%
Auvergne - Rhône-Alpes G Gap
26%
Île-de-France D (La) La Défense
26%
Auvergne - Rhône-Alpes R Roanne
26%
Normandie T Trouville - Deauville
26%
Normandie A Alençon
25%
Auvergne - Rhône-Alpes D Die
25%
Grand Est E Epinal
25%
Île-de-France M Montargis
25%
Centre-Val-de-Loire S Saint-Pierre-des-Corps
25%
Centre-Val-de-Loire V Vierzon-Ville
25%
Auvergne - Rhône-Alpes B Briançon
24%
Occitanie C Cahors
24%
Normandie G Granville
24%
Nouvelle-Aquitaine N Niort
24%
Île-de-France P Poissy
24%
Île-de-France R Rambouillet
24%
Hauts-de-France A Abbeville
23%
Île-de-France C Cergy-le-Haut
23%
Auvergne - Rhône-Alpes E Evian-les-Bains
23%
Auvergne - Rhône-Alpes | Bourgogne-Franche-Comté M Moulins-sur-Allier
23%
Bretagne R Redon
23%
Île-de-France S Saint-Germain-en-Laye
23%
Nouvelle-Aquitaine T Tulle
23%
Île-de-France V Versailles-Rive-Droite
23%
Auvergne - Rhône-Alpes A Aix-les-Bains - Le Revard
22%
Hauts-de-France C Calais-Ville
22%
Île-de-France C Château-Thierry
22%
Hauts-de-France C Compiègne
22%
Bourgogne-Franche-Comté D Dole-Ville
22%
Hauts-de-France D Douai
22%
Île-de-France D Dourdan
22%
Île-de-France J Juvisy
22%
Auvergne - Rhône-Alpes P (Le) Le Puy-en-Velay
22%
Hauts-de-France | Île-de-France M Mitry - Claye
22%
Nouvelle-Aquitaine P Périgueux
22%
Île-de-France P Provins
22%
Auvergne - Rhône-Alpes S Saint-Etienne Châteaucreux
22%
Grand Est T Thionville
22%
Bourgogne-Franche-Comté | Grand Est V Vesoul
22%
Grand Est B Bâle-S.N.C.F.
21%
Bourgogne-Franche-Comté B Besançon-Viotte
21%
Auvergne - Rhône-Alpes B Bourg-Saint-Maurice
21%
Corse C Calvi
21%
Normandie D Dieppe
21%
Île-de-France E Etampes
21%
Occitanie F Foix
21%
Bretagne G Guingamp
21%
Bretagne L Lannion
21%
Centre-Val-de-Loire A (Les) Les Aubrais - Orléans
21%
Île-de-France R Robinson
21%
Nouvelle-Aquitaine S Saintes
21%
Île-de-France V Versailles-Château-Rive-Gauche
21%
Occitanie A Alès
20%
Occitanie A Auch
20%
Auvergne - Rhône-Alpes C Chambéry - Challes-les-Eaux
20%
Normandie L Lisieux
20%
Bourgogne-Franche-Comté L Lons-le-Saunier
20%
Nouvelle-Aquitaine M Mont-de-Marsan
20%
Grand Est S Saint-Dié-des-Vosges
20%
Île-de-France S Saint-Rémy-les-Chevreuse
20%
Centre-Val-de-Loire | Nouvelle-Aquitaine S Saumur
20%
Grand Est S Sedan
20%
Grand Est S Sélestat
20%
Grand Est V Verdun
20%
Auvergne - Rhône-Alpes V Vienne
20%
Île-de-France B Boissy-Saint-Léger
19%
Corse C Corte
19%
Centre-Val-de-Loire | Nouvelle-Aquitaine L Limoges-Bénédictins
19%
Occitanie M Mende
19%
Bourgogne-Franche-Comté S Sens
19%
Hauts-de-France B Béthune
18%
Île-de-France C Chelles - Gournay
18%
Bretagne D Dinan
18%
Nouvelle-Aquitaine G Guéret
18%
Occitanie L Latour-de-Carol - Enveitg
18%
Centre-Val-de-Loire C (Le) Le Croisic
18%
Auvergne - Rhône-Alpes M Modane
18%
Normandie | Île-de-France V Vernon - Giverny
18%
Bourgogne-Franche-Comté | Grand Est B Belfort-Ville
17%
Nouvelle-Aquitaine B Bergerac
17%
Bourgogne-Franche-Comté C Chalon-sur-Saône
17%
Grand Est C Chaumont
17%
Île-de-France C Coulommiers
17%
Grand Est E Epernay
17%
Normandie | Île-de-France G Gisors
17%
Grand Est H Haguenau
17%
Bourgogne-Franche-Comté L Laroche-Migennes
17%
Île-de-France V (La) La Verrière
17%
Hauts-de-France T (Le) Le Tréport - Mers-les-Bains
17%
Île-de-France M Malesherbes
17%
Hauts-de-France M Maubeuge
17%
Île-de-France M Montereau
17%
Bretagne Q Quiberon
17%
Nouvelle-Aquitaine R Royan
17%
Île-de-France T Tournan
17%
Centre-Val-de-Loire V Vendôme
17%
Auvergne - Rhône-Alpes V Villefranche-sur-Saône
17%
Auvergne - Rhône-Alpes A Ambérieu-en-Bugey
16%
Île-de-France A Argenteuil
16%
Hauts-de-France C Calais-Fréthun
16%
Hauts-de-France C Cambrai
16%
Grand Est F Forbach
16%
Nouvelle-Aquitaine L Libourne
16%
Grand Est L Lunéville
16%
Grand Est L Luxembourg
16%
Auvergne - Rhône-Alpes | Centre-Val-de-Loire | Nouvelle-Aquitaine M Montluçon
16%
Île-de-France P Persan - Beaumont
16%
Bourgogne-Franche-Comté P Pontarlier
16%
Grand Est S Sarrebourg
16%
Grand Est S Sarreguemines
16%
Bretagne V Vitré
16%
Hauts-de-France | Île-de-France C Crépy-en-Valois
15%
Grand Est C Culmont - Chalindrey
15%
Occitanie M Millau
15%
Bourgogne-Franche-Comté M Montbéliard(-Ville)
15%
Grand Est R Remiremont
15%
Nouvelle-Aquitaine R Rochefort
15%
Grand Est S Saint-Dizier
15%
Centre-Val-de-Loire C Châteaudun
14%
Nouvelle-Aquitaine C Châtellerault
14%
Île-de-France G Goussainville
14%
Île-de-France M (Les) Les Mureaux
14%
Île-de-France V (Le) Le Vésinet - Le Pecq
14%
Île-de-France L Luzarches
14%
Auvergne - Rhône-Alpes L Lyon Saint-Paul
14%
Île-de-France M Montigny - Beauchamp
14%
Auvergne - Rhône-Alpes O Oyonnax
14%
Île-de-France S Saint-Martin-d'Etampes
14%
Grand Est S Saverne
14%
Île-de-France T Torcy
14%
Normandie Y Yvetot
14%
Normandie A Argentan
13%
Île-de-France A Aulnay-sous-Bois
13%
Auvergne - Rhône-Alpes B Bellegarde
13%
Île-de-France E Ermont - Eaubonne
13%
Auvergne - Rhône-Alpes I Issoire
13%
Île-de-France F (La) La Ferté Milon
13%
Nouvelle-Aquitaine R (La) La Rochelle-Ville
13%
Île-de-France O Orry-la-Ville - Coye-la-Forêt
13%
Bretagne P Paimpol
13%
Île-de-France S Saint-Quentin-en-Yvelines (Montigny-le-Bretonneux)
13%
Bourgogne-Franche-Comté A Avallon
12%
Centre-Val-de-Loire B Blois - Chambord
12%
Bretagne C Carhaix
12%
Bretagne C Châteaubriant
12%
Centre-Val-de-Loire C Chinon
12%
Île-de-France C Crécy-la-Chapelle
12%
Île-de-France D Dourdan-la-Forêt
12%
Occitanie F Figeac
12%
Auvergne - Rhône-Alpes G Givors-Ville
12%
Hauts-de-France H Hazebrouck
12%
Bretagne L Landerneau
12%
Auvergne - Rhône-Alpes A (L') L'Arbresle
12%
Nouvelle-Aquitaine S (La) La Souterraine
12%
Île-de-France S Saint-Nom-la-Bretèche - Forêt-de-Marly
12%
Nouvelle-Aquitaine S Sarlat
12%
Grand Est W Wissembourg
12%
Bourgogne-Franche-Comté B Besançon-Franche-Comté TGV
11%
Île-de-France C Conflans-Sainte-Honorine
11%
Bretagne D Dol-de-Bretagne
11%
Île-de-France E Esbly
11%
Auvergne - Rhône-Alpes F Firminy
11%
Auvergne - Rhône-Alpes G Genève Cornavin
11%
Occitanie G (Le) Le Grau-du-Roi
11%
Nouvelle-Aquitaine M Marmande
11%
Grand Est M Molsheim
11%
Centre-Val-de-Loire N Nogent-le-Rotrou
11%
Île-de-France P Plaisir - Grignon
11%
Bourgogne-Franche-Comté S Saint-Claude
11%
Grand Est T Thann
11%
Nouvelle-Aquitaine U Ussel
11%
Auvergne - Rhône-Alpes B Bourgoin-Jallieu
10%
Auvergne - Rhône-Alpes B Brioude
10%
Bourgogne-Franche-Comté C Cosne-sur-Loire
10%
Normandie C Coutances
10%
Normandie D Dives - Cabourg
10%
Normandie F Fécamp
10%
Grand Est G Givet
10%
Île-de-France H Haussmann - Saint-Lazare
10%
Hauts-de-France H Hirson
10%
Bretagne L Lamballe
10%
Bourgogne-Franche-Comté L Lure
10%
Île-de-France N Nanterre-Université
10%
Nouvelle-Aquitaine O Oloron-Sainte-Marie
10%
Hauts-de-France R Rang-du-Fliers - Verton - Berck
10%
Centre-Val-de-Loire R Romorantin-Blanc-Argent
10%
Île-de-France R Rueil-Malmaison
10%
Auvergne - Rhône-Alpes S Saint-André-le-Gaz
10%
Île-de-France S Sarcelles - Saint-Brice
10%
Île-de-France V Villiers-le-Bel - Gonesse - Arnouville
10%
Île-de-France V Villiers-sur-Marne - Le-Plessis-Trévise
10%
Auvergne - Rhône-Alpes V Volvic
10%
Centre-Val-de-Loire A Argenton-sur-Creuse
9%
Nouvelle-Aquitaine B Bressuire
9%
Auvergne - Rhône-Alpes C Chamonix - Mont-Blanc
9%
Grand Est C Champagne-Ardenne TGV
9%
Île-de-France D Denfert-Rochereau
9%
Hauts-de-France E Etaples - Le Touquet
9%
Bourgogne-Franche-Comté F Frasne
9%
Bourgogne-Franche-Comté I Is-sur-Tille
9%
Grand Est K Kruth
9%
Centre-Val-de-Loire L Loches
9%
Grand Est L Longwy
9%
Bourgogne-Franche-Comté M Meroux (Belfort-Montbéliard TGV)
9%
Grand Est N Neufchâteau
9%
Auvergne - Rhône-Alpes | Bourgogne-Franche-Comté P Paray-le-Monial
9%
Auvergne - Rhône-Alpes S Saint-Gervais-les-Bains - Le-Fayet
9%
Auvergne - Rhône-Alpes T Thiers
9%
Île-de-France V Valmondois
9%
Occitanie A Ax-les-Thermes
8%
Auvergne - Rhône-Alpes B Boën
8%
Normandie B Breauté - Beuzeville
8%
Occitanie C Castelnaudary
8%
Bourgogne-Franche-Comté C Clamecy
8%
Bourgogne-Franche-Comté D Delle
8%
Normandie E Elbeuf - Saint-Aubin
8%
Grand Est L Lauterbourg
8%
Bourgogne-Franche-Comté L (Les) Les Laumes - Alésia
8%
Nouvelle-Aquitaine V (Le) Le Verdon
8%
Occitanie L Limoux
8%
Occitanie M Mazamet
8%
Occitanie M Muret
8%
Grand Est O Obernai
8%
Grand Est O Offenbourg
8%
Bretagne P Plouaret - Trégor
8%
Île-de-France P Pont de Rungis - Aéroport d'Orly
8%
Normandie P Pontorson - Mont-Saint-Michel
8%
Île-de-France S Saint-Cloud
8%
Centre-Val-de-Loire S Salbris
8%
Grand Est S Sarrebrücken
8%
Hauts-de-France T Tournai
8%
Hauts-de-France A Abancourt
7%
Hauts-de-France A Aulnoye-Aymeries
7%
Occitanie B Bédarieux
7%
Île-de-France B Bibliothèque François Mitterrand
7%
Centre-Val-de-Loire B Bléré - La Croix
7%
Île-de-France B Boissy-l'Aillerie
7%
Auvergne - Rhône-Alpes C Capdenac
7%
Bourgogne-Franche-Comté C Corbigny
7%
Nouvelle-Aquitaine F Felletin
7%
Nouvelle-Aquitaine R (La) La Rochelle Porte Dauphine
7%
Nouvelle-Aquitaine L Lesparre
7%
Grand Est M Metzeral
7%
Auvergne - Rhône-Alpes M Montbrison
7%
Bourgogne-Franche-Comté M Morteau
7%
Bourgogne-Franche-Comté M Mouchard
7%
Auvergne - Rhône-Alpes M Moûtiers - Salins - Brides-les-Bains
7%
Grand Est N Niederbronn
7%
Occitanie S Saint-Chély-d'Apcher
7%
Normandie S Serqueux
7%
Île-de-France S Stade-de-France - Saint-Denis
7%
Nouvelle-Aquitaine T Thouars
7%
Centre-Val-de-Loire V Valençay
7%
Occitanie V Villefranche - Vernet-les-Bains
7%
Grand Est B Barr
6%
Nouvelle-Aquitaine B Bedous
6%
Centre-Val-de-Loire B Brou
6%
Hauts-de-France C Charleroi-Sud
6%
Occitanie C Colomiers
6%
Hauts-de-France C Courtrai
6%
Grand Est F Fismes
6%
Auvergne - Rhône-Alpes G Gannat
6%
Hauts-de-France J Jeumont
6%
Occitanie B (La) La Bastide - Saint-Laurent-les-Bains
6%
Bretagne B (La) La Brohinière
6%
Auvergne - Rhône-Alpes H (Les) Les Houches
6%
Occitanie I (L') L'Isle-Jourdain
6%
Île-de-France M Maisons-Laffitte
6%
Occitanie M Marvejols
6%
Bretagne M Messac - Guipry
6%
Bourgogne-Franche-Comté M Montchanin
6%
Auvergne - Rhône-Alpes R Romans - Bourg-de-Péage
6%
Nouvelle-Aquitaine S Saint-Jean-Pied-de-Port
6%
Normandie S Serquigny
6%
Bourgogne-Franche-Comté S Seurre
6%
Hauts-de-France T Tergnier
6%
Bourgogne-Franche-Comté V Vallorbe
6%
Auvergne - Rhône-Alpes V Vallorcine
6%
Auvergne - Rhône-Alpes B Brignais
5%
Île-de-France C Chaville - Vélizy
5%
Hauts-de-France C Clermont-de-l'Oise
5%
Centre-Val-de-Loire C Courtalain - Saint-Pellerin
5%
Nouvelle-Aquitaine C Coutras
5%
Grand Est H Hagondange
5%
Île-de-France L Laplace
5%
Auvergne - Rhône-Alpes R (La) La Roche-sur-Foron
5%
Nouvelle-Aquitaine D (Le) Le Dorat
5%
Bourgogne-Franche-Comté V (Le) Le Valdahon
5%
Grand Est M Mommenheim
5%
Grand Est M Munster
5%
Corse P Ponte-Leccia
5%
Occitanie P Pont-Saint-Esprit
5%
Grand Est P Pont-Saint-Vincent
5%
Auvergne - Rhône-Alpes R Rives
5%
Grand Est S Saâles
5%
Centre-Val-de-Loire S Saint-Amand-Montrond - Orval
5%
Hauts-de-France S Saint-Just-en-Chaussée
5%
Auvergne - Rhône-Alpes S Saint-Marcellin
5%
Hauts-de-France S Saint-Pol-sur-Ternoise
5%
Centre-Val-de-Loire V Voves
5%
Grand Est B Bettembourg
4%
Hauts-de-France B Breteuil-Embranchement
4%
Bretagne C Callac
4%
Bourgogne-Franche-Comté C Chagny
4%
Auvergne - Rhône-Alpes C Clelles - Mens
4%
Grand Est C Conflans - Jarny
4%
Bourgogne-Franche-Comté D Decize
4%
Bourgogne-Franche-Comté E Etang-sur-Arroux
4%
Nouvelle-Aquitaine E Eymoutiers - Vassivière
4%
Grand Est K Krimmeri-Meinau
4%
Occitanie L Langogne
4%
Nouvelle-Aquitaine B (Le) Le Buisson
4%
Normandie L Lison
4%
Normandie M Montivilliers
4%
Occitanie M Montréjeau - Gourdan-Polignan
4%
Bretagne M Montreuil-sur-Ille
4%
Nouvelle-Aquitaine O Objat
4%
Auvergne - Rhône-Alpes P Pierrelatte
4%
Nouvelle-Aquitaine P Pointe-de-Grave
4%
Bretagne R Retiers
4%
Grand Est R Revigny
4%
Grand Est R Roeschwoog
4%
Normandie R Rolleville
4%
Grand Est R Rothau
4%
Auvergne - Rhône-Alpes S Saint-Bel
4%
Nouvelle-Aquitaine S Saint-Junien
4%
Nouvelle-Aquitaine S Saint-Mariens - Saint-Yzan
4%
Auvergne - Rhône-Alpes T Tassin
4%
Grand Est T Thann-Saint-Jacques
4%
Auvergne - Rhône-Alpes V Vic-le-Comte
4%
Occitanie B Boussens
3%
Nouvelle-Aquitaine C Cambo-les-Bains
3%
Auvergne - Rhône-Alpes G Grenoble Universités - Gières
3%
Nouvelle-Aquitaine M Macau
3%
Nouvelle-Aquitaine M Morcenx
3%
Grand Est M Müllheim
3%
Nouvelle-Aquitaine M Mussidan
3%
Bourgogne-Franche-Comté N Nevers-le-Banlay
3%
Nouvelle-Aquitaine N Nexon
3%
Nouvelle-Aquitaine N Niversac
3%
Île-de-France P Parc des Expositions
3%
Nouvelle-Aquitaine S Saillat - Chassenon
3%
Centre-Val-de-Loire S Saint-Aignan - Noyer
3%
Occitanie S Saint-Cyprien - Arènes
3%
Auvergne - Rhône-Alpes V Villars-les-Dombes
3%
Grand Est W Wörth
3%
Auvergne - Rhône-Alpes B Bas - Monistrol
2%
Hauts-de-France D Don-Sainghin
2%
Bourgogne-Franche-Comté E Ecole Valentin
2%
Occitanie G Génolhac
2%
Bourgogne-Franche-Comté C (La) La Chaux-du-Fonds
2%
Grand Est L Lutterbach
2%
Nouvelle-Aquitaine M Monsempron - Libos
2%
Nouvelle-Aquitaine P Pauillac
2%
Centre-Val-de-Loire P Port-de-Piles
2%
Nouvelle-Aquitaine S Saint-Yriex
2%
Auvergne - Rhône-Alpes V Vertaizon
2%
Auvergne - Rhône-Alpes C Commentry
1%
Aucun quiz correspondant
Distribution des résultats
% des personnes avec chaque résultat
Percentile par nombre de réponses
Votre historique - résultats
Vous n’avez pas pris ce quiz